[Event "Fajr op 18th"]
[Site "Mashhad"]
[Date "2010.02.24"]
[Round "7"]
[White "Vassalam, MT."]
[Black "Aliev, Kerim"]
[Result "1-0"]
[WhiteElo "2135"]
[BlackElo "2355"]
[PlyCount "101"]
[EventDate "2010.02.20"]
[EventType "swiss"]
[EventRounds "11"]
[EventCountry "IRI"]
[SourceTitle "CBM 135 Extra"]
[Source "ChessBase"]
[SourceDate "2010.05.04"]
[SourceVersion "1"]
[SourceVersionDate "2010.05.04"]
[SourceQuality "1"]

1. e4 e5 2. d4 exd4 3. c3 dxc3 4. Bc4 d5 5. Bxd5 cxb2 6. Bxb2 Nf6 7. Nc3 Nxd5 8. Nxd5 Nc6 9. Nf3 Bg4 10. 0-0 Qd7 11. Qb3 Bxf3 12. Qxf3 0-0-0 13. a4 f5 14. Rfd1 fxe4 15. Qxe4 Bd6 16. a5 Rhe8 17. Qc2 a6 18. Bc3 Qf7 19. Qb3 Rf8 20. f4 Bc5+ 21. Kh1 Nd4 22. Bxd4 Qxd5 23. Qxd5 Rxd5 24. Be5 Rxd1+ 25. Rxd1 Rf7 26. g4 g6 27. Kg2 Bb4 28. Ra1 Rd7 29. h4 Rd5 30. Kf3 Rxa5 31. Rh1 Bd6 32. Bxd6 cxd6 33. g5 b5 34. f5 Ra3+ 35. Ke2 gxf5 36. h5 Rg3 37. g6 hxg6 38. h6 Rg4 39. h7 Re4+ 40. Kd3 Re8 41. h8Q Rxh8 42. Rxh8+ Kc7 43. Rg8 Kc6 44. Kd4 a5 45. Rxg6 a4 46. Rf6 b4 47. Kc4 b3 48. Kc3 Kc5 49. Rxf5+ d5 50. Rh5 Kd6 51. Rh4 1-0

[Event "Fajr op 18th"]
[Site "Mashhad"]
[Date "2010.02.21"]
[Round "2"]
[White "Aliev, Kerim"]
[Black "Hosseinipour, Mehdi"]
[Result "0-1"]
[WhiteElo "2355"]
[BlackElo "2207"]
[PlyCount "120"]
[EventDate "2010.02.20"]
[EventType "swiss"]
[EventRounds "11"]
[EventCountry "IRI"]
[SourceTitle "CBM 135 Extra"]
[Source "ChessBase"]
[SourceDate "2010.05.04"]
[SourceVersion "1"]
[SourceVersionDate "2010.05.04"]
[SourceQuality "1"]

1. d4 Nf6 2. c4 e6 3. Nc3 Bb4 4. Nf3 c5 5. e3 0-0 6. Be2 cxd4 7. exd4 d5 8. 0-0 dxc4 9. Bxc4 b6 10. Bg5 Bb7 11. Qd3 Nbd7 12. Rad1 Bxc3 13. bxc3 Qc7 14. Bb3 Rac8 15. c4 Rfe8 16. Rfe1 Bxf3 17. Qxf3 e5 18. d5 Qd6 19. h3 Nc5 20. Bc2 Nb7 21. Ba4 Red8 22. Bb5 Rc7 23. Qe3 Re7 24. Bf4 Nd7 25. Bxd7 Qxd7 26. Qa3 Qd6 27. Qxd6 Nxd6 28. Rxe5 Rxe5 29. Bxe5 Nxc4 30. Bf4 f6 31. a4 a6 32. Bc7 Rd7 33. d6 Kf7 34. Rb1 Ke6 35. Rb4 Kd5 36. Bxb6 Rxd6 37. Bc7 Re6 38. Bg3 Rb6 39. Rxb6 Nxb6 40. a5 Nc4 41. Bc7 Kc6 42. Bf4 Kb5 43. g4 Kxa5 44. h4 Kb5 45. h5 a5 46. h6 g5 47. Bc7 Ne5 48. Bd8 Nxg4 49. f3 Nxh6 50. Bxf6 Nf7 51. Kg2 a4 52. Kg3 h5 53. f4 gxf4+ 54. Kxf4 a3 55. Kg3 Kc4 56. Kh4 Kb3 57. Kxh5 Nd6 58. Kg4 Nc4 59. Ba1 Nb2 60. Kf3 Ka2 0-1

[Event "Olomouc Agentura 64 Cup"]
[Site "Olomouc"]
[Date "2005.08.09"]
[Round "9"]
[White "Abdul, Majeed Mohamad"]
[Black "Aliev, Kerim"]
[Result "1/2-1/2"]
[WhiteElo "2318"]
[BlackElo "2325"]
[PlyCount "46"]
[EventDate "2005.08.03"]
[EventType "tourn"]
[EventRounds "11"]
[EventCountry "CZE"]
[EventCategory "3"]
[SourceTitle "CBM 107 Extra"]
[Source "ChessBase"]
[SourceDate "2005.09.01"]
[SourceVersion "1"]
[SourceVersionDate "2005.09.01"]
[SourceQuality "1"]

1. e4 e6 2. d4 d5 3. Nd2 a6 4. Ngf3 c5 5. dxc5 Bxc5 6. Bd3 Ne7 7. exd5 exd5 8. 0-0 h6 9. Nb3 Bd6 10. h3 0-0 11. c3 Nd7 12. Re1 Nf6 13. Nbd4 Nc6 14. Be3 Re8 15. Bc2 Bc7 16. Qd3 Qd6 17. b4 Ne4 18. Rad1 Ne5 19. Nxe5 Qxe5 20. f4 Qf6 21. Bb3 Qg6 22. Bf2 Rd8 23. Bxd5 Rxd5 1/2-1/2

[Event "Olomouc Agentura 64 Cup"]
[Site "Olomouc"]
[Date "2005.08.04"]
[Round "2"]
[White "Sluka, Radek"]
[Black "Aliev, Kerim"]
[Result "1/2-1/2"]
[WhiteElo "2329"]
[BlackElo "2325"]
[PlyCount "42"]
[EventDate "2005.08.03"]
[EventType "tourn"]
[EventRounds "11"]
[EventCountry "CZE"]
[EventCategory "3"]
[SourceTitle "CBM 107 Extra"]
[Source "ChessBase"]
[SourceDate "2005.09.01"]
[SourceVersion "1"]
[SourceVersionDate "2005.09.01"]
[SourceQuality "1"]

1. e4 e5 2. Nf3 Nf6 3. Nc3 Nc6 4. d4 exd4 5. Nxd4 Bb4 6. Nxc6 bxc6 7. Bd3 d5 8. exd5 cxd5 9. Qe2+ Qe7 10. 0-0 Qxe2 11. Nxe2 0-0 12. Bf4 Ba5 13. c3 Re8 14. Nd4 c5 15. Nb5 Ba6 16. a4 c4 17. Bc2 Bxb5 18. axb5 Bb6 19. Bd1 Rad8 20. Bf3 h6 21. Rfe1 g5 1/2-1/2

[Event "Olomouc Agentura 64 Cup"]
[Site "Olomouc"]
[Date "2005.08.03"]
[Round "1"]
[White "Aliev, Kerim"]
[Black "Jurcik, Marian"]
[Result "1/2-1/2"]
[WhiteElo "2325"]
[BlackElo "2342"]
[PlyCount "46"]
[EventDate "2005.08.03"]
[EventType "tourn"]
[EventRounds "11"]
[EventCountry "CZE"]
[EventCategory "3"]
[SourceTitle "CBM 107 Extra"]
[Source "ChessBase"]
[SourceDate "2005.09.01"]
[SourceVersion "1"]
[SourceVersionDate "2005.09.01"]
[SourceQuality "1"]

1. d4 Nf6 2. c4 g6 3. Nc3 Bg7 4. e4 d6 5. g3 0-0 6. Bg2 c6 7. Nge2 a6 8. 0-0 b5 9. cxb5 axb5 10. b4 Nfd7 11. Bg5 h6 12. Be3 Ba6 13. Rb1 e6 14. f4 d5 15. f5 gxf5 16. exf5 e5 17. dxe5 Nxe5 18. Bd4 Nbd7 19. Nf4 Nc4 20. Bxg7 Kxg7 21. Nh5+ Kh7 22. f6 Nde5 23. Qc2+ Ng6 1/2-1/2

[Event "Pardubice op-A"]
[Site "Pardubice"]
[Date "2005.07.22"]
[Round "1"]
[White "Azarov, Sergei Nikolaevich"]
[Black "Aliev, Kerim"]
[Result "1-0"]
[WhiteElo "2582"]
[BlackElo "2325"]
[PlyCount "71"]
[EventDate "2005.07.22"]
[EventType "swiss"]
[EventRounds "9"]
[EventCountry "CZE"]
[SourceTitle "CBM 107 Extra"]
[Source "ChessBase"]
[SourceDate "2005.09.01"]
[SourceVersion "1"]
[SourceVersionDate "2005.09.01"]
[SourceQuality "1"]

1. e4 e5 2. Nf3 Nf6 3. Nxe5 d6 4. Nf3 Nxe4 5. d4 d5 6. Bd3 Be7 7. 0-0 Nc6 8. Re1 Bf5 9. c4 0-0 10. Nc3 Nxc3 11. bxc3 Bxd3 12. Qxd3 Bf6 13. Bf4 Rc8 14. Rab1 b6 15. cxd5 Qxd5 16. c4 Qd7 17. d5 Rfe8 18. h3 h6 19. Re4 Rxe4 20. Qxe4 Na5 21. Re1 Nb7 22. Ne5 Bxe5 23. Qxe5 Nd6 24. Qc3 Re8 25. Rxe8+ Nxe8 26. Qg3 Kh8 27. Qa3 a5 28. c5 Kg8 29. cxb6 cxb6 30. d6 Qc6 31. Be5 Qd5 32. f4 Nf6 33. Qg3 Kf8 34. Kh2 Ne8 35. Qg4 Qc6 36. d7 1-0

[Event "Fajr op 13th"]
[Site "Tehran"]
[Date "2005.01.30"]
[Round "6"]
[White "Kheiri, AR."]
[Black "Aliev, Kerim"]
[Result "1/2-1/2"]
[WhiteElo "2171"]
[BlackElo "2332"]
[PlyCount "109"]
[EventDate "2005.01.04"]
[EventType "swiss"]
[EventRounds "9"]
[EventCountry "IRI"]
[SourceTitle "CBM 104 Extra"]
[Source "ChessBase"]
[SourceDate "2005.03.01"]
[SourceVersion "1"]
[SourceVersionDate "2005.03.01"]
[SourceQuality "1"]

1. e4 e5 2. Nf3 Nf6 3. Nxe5 d6 4. Nf3 Nxe4 5. c4 Be7 6. Nc3 Bf5 7. Nd4 Nxc3 8. dxc3 Bg6 9. Qf3 c6 10. Nf5 0-0 11. Nxe7+ Qxe7+ 12. Be2 Nd7 13. 0-0 Rae8 14. Be3 f5 15. Qf4 Nc5 16. Rad1 Rd8 17. Bxc5 dxc5 18. Bf3 h6 19. h4 Kh8 20. Rfe1 Rxd1 21. Rxd1 Bf7 22. g3 Bg8 23. b3 g5 24. Qd6 Qxd6 25. Rxd6 Kg7 26. hxg5 hxg5 27. Bh5 Rf6 28. Rd7+ Kh6 29. Be2 Rf7 30. Rxf7 Bxf7 31. f4 gxf4 32. gxf4 Bh5 33. Bd3 Kg6 34. Kf2 b6 35. Bf1 Kf6 36. Bg2 Be8 37. Ke3 Ke6 38. Bf3 Kd6 39. Kd3 Bf7 40. Bg2 b5 41. cxb5 cxb5 42. c4 b4 43. Bh3 Ke6 44. Ke3 a5 45. Bf1 Kf6 46. Be2 Be8 47. Bf3 Ke6 48. Kf2 Kf6 49. Kg3 a4 50. Kh4 a3 51. Bd1 Bc6 52. Bc2 Kg6 53. Kg3 Kf6 54. Kf2 Bb7 55. Bd3 1/2-1/2

[Event "Asia-ch 4th"]
[Site "Doha"]
[Date "2003.02.27"]
[Round "6"]
[White "Aliev, Kerim"]
[Black "Kostenko, Petr"]
[Result "0-1"]
[WhiteElo "2317"]
[BlackElo "2497"]
[PlyCount "114"]
[EventDate "2003.02.22"]
[EventType "swiss"]
[EventRounds "9"]
[EventCountry "QAT"]
[SourceTitle "CBM 094"]
[Source "ChessBase"]
[SourceDate "2003.05.26"]
[SourceVersion "1"]
[SourceVersionDate "2003.05.26"]
[SourceQuality "1"]

1. d4 c5 2. e3 Nf6 3. Nf3 g6 4. Be2 Bg7 5. 0-0 0-0 6. c4 cxd4 7. exd4 d5 8. Nc3 Nc6 9. c5 Ne4 10. Bf4 Bg4 11. Rc1 Nxc3 12. bxc3 b6 13. h3 Bc8 14. Bb5 Bb7 15. Qa4 Qc8 16. Qa3 e6 17. Rfd1 Rd8 18. cxb6 axb6 19. Qb2 Na5 20. a4 Ba6 21. Nd2 Qb7 22. Rb1 Rdc8 23. Rdc1 Qe7 24. Rc2 Qd8 25. Rcc1 Nb7 26. Qb3 Nd6 27. Bf1 Bxf1 28. Kxf1 Rc6 29. Rc2 Rac8 30. Rbc1 Nf5 31. Nf3 Nd6 32. Nd2 h6 33. Ke2 g5 34. Bxd6 Qxd6 35. Nf3 Qf4 36. Qb5 Bf6 37. Qd3 Rc4 38. Ra1 Qc7 39. Kd2 Kg7 40. g3 Qa7 41. Ng1 Qa5 42. Ne2 b5 43. Rca2 b4 44. Rc2 bxc3+ 45. Ke3 Rxa4 46. Rxa4 Qxa4 47. Rxc3 Rxc3 48. Qxc3 Qd1 49. g4 h5 50. gxh5 Qf1 51. Ng3 Qxh3 52. Kf3 Qh4 53. Qc7 Bxd4 54. Kg2 Qf4 55. Qxf4 gxf4 56. Ne2 Be5 57. Kf3 Kh6 0-1

[Event "Asia-ch 4th"]
[Site "Doha"]
[Date "2003.02.25"]
[Round "4"]
[White "Aliev, Kerim"]
[Black "Al Sayed, Mohammed"]
[Result "0-1"]
[WhiteElo "2317"]
[BlackElo "2431"]
[PlyCount "126"]
[EventDate "2003.02.22"]
[EventType "swiss"]
[EventRounds "9"]
[EventCountry "QAT"]
[SourceTitle "CBM 094"]
[Source "ChessBase"]
[SourceDate "2003.05.26"]
[SourceVersion "1"]
[SourceVersionDate "2003.05.26"]
[SourceQuality "1"]

1. d4 d5 2. c4 c6 3. Nc3 Nf6 4. Nf3 e6 5. cxd5 exd5 6. Bg5 Bf5 7. e3 Qb6 8. Qb3 Ne4 9. Qxb6 axb6 10. Nxe4 Bxe4 11. Nd2 Bg6 12. Be2 Bb4 13. a3 Nd7 14. Rc1 Bd6 15. 0-0 b5 16. f3 0-0 17. e4 Rfe8 18. Bd3 h6 19. Bh4 Bf4 20. Rcd1 Bxd2 21. Rxd2 dxe4 22. fxe4 Bxe4 23. d5 Bxd5 24. Bxb5 Nc5 25. Rxd5 cxd5 26. Bxe8 Rxe8 27. Rf5 Nd3 28. Rxd5 Nxb2 29. Rb5 Nc4 30. a4 Ra8 31. Rb4 Ne5 32. Rxb7 Rxa4 33. Rb8+ Kh7 34. Bg3 Ng4 35. Rb1 Ra2 36. h3 Ne3 37. Bf2 Nd5 38. Rd1 Nf4 39. Kf1 f6 40. Rb1 Kg6 41. Rb3 Kh7 42. g4 Ra1+ 43. Be1 g5 44. Kf2 Rd1 45. Ba5 Rh1 46. Bd8 Rh2+ 47. Kf1 Kg6 48. Rb6 Rxh3 49. Rxf6+ Kg7 50. Rd6 Rh4 51. Bf6+ Kh7 52. Kf2 Rxg4 53. Kf3 Rg1 54. Ke4 Rf1 55. Bc3 Ng2 56. Ra6 Nh4 57. Be5 Rf7 58. Ra8 Kg6 59. Rg8+ Kh5 60. Bd6 Nf5 61. Bb8 Kg4 62. Be5 h5 63. Kd5 Ne7+ 0-1

[Event "Pardubice Czech op"]
[Site "Pardubice"]
[Date "2001.07.22"]
[Round "3"]
[White "Lalic, Bogdan"]
[Black "Aliev, Kerim"]
[Result "1-0"]
[WhiteElo "2528"]
[BlackElo "2344"]
[PlyCount "72"]
[EventDate "2001.07.20"]
[EventType "swiss"]
[EventRounds "9"]
[EventCountry "CZE"]
[SourceTitle "CBM 083 Extra"]
[Source "ChessBase"]
[SourceDate "2001.09.11"]
[SourceVersion "1"]
[SourceVersionDate "2001.09.11"]
[SourceQuality "1"]

1. d4 d5 2. c4 c6 3. Nf3 Nf6 4. Nc3 dxc4 5. a4 Bf5 6. Ne5 e6 7. f3 Bb4 8. h4 h5 9. e4 Bh7 10. Bxc4 Nbd7 11. Qb3 a5 12. Nd3 Be7 13. Be3 Nb6 14. Ne5 Nxc4 15. Nxc4 Bb4 16. 0-0 Qc7 17. Ne2 0-0 18. Bf4 Qd8 19. g3 Ne8 20. Ne5 Qc8 21. Rac1 Kh8 22. Be3 f6 23. Nd3 Bd6 24. Nc5 Bxc5 25. Rxc5 f5 26. e5 Nc7 27. Nf4 g6 28. Qc3 Na6 29. Rxa5 Re8 30. b3 Kg7 31. Rc1 Qd7 32. d5 cxd5 33. Rxd5 Qe7 34. Rd6 Bg8 35. Bb6 Bf7 36. Qd2 Kg8 1-0

[Event "TKM-ch"]
[Site "Ashkhabad"]
[Date "2000.05.22"]
[Round "10"]
[White "Aliev, Kerim"]
[Black "Grigoryan, Karen"]
[Result "0-1"]
[WhiteElo "2328"]
[BlackElo "2362"]
[PlyCount "82"]
[EventDate "2000.05.12"]
[EventType "tourn"]
[EventRounds "13"]
[EventCountry "TKM"]
[EventCategory "3"]
[SourceTitle "CBM 076 Extra"]
[Source "ChessBase"]
[SourceDate "2000.07.11"]
[SourceVersion "1"]
[SourceVersionDate "2000.07.11"]
[SourceQuality "1"]

1. d4 Nf6 2. c4 e6 3. Nf3 b6 4. g3 Ba6 5. b3 b5 6. cxb5 Bxb5 7. Bg2 Bb4+ 8. Bd2 Bxd2+ 9. Nfxd2 Bc6 10. e4 d5 11. e5 Nfd7 12. Nc3 Bb7 13. 0-0 c5 14. Nc4 0-0 15. dxc5 Nc6 16. Nd6 Ba6 17. Ncb5 Nxc5 18. Re1 Qb6 19. a4 Bxb5 20. axb5 Nxe5 21. Nc4 dxc4 22. Bxa8 Ned3 23. Qf3 Nxb3 24. Bc6 Nxe1 25. Rxe1 Nd4 26. Qe4 c3 27. Rc1 Qc5 28. Qe3 Qc4 29. Kg2 Nxc6 30. bxc6 Qxc6+ 31. Kh3 c2 32. Qxa7 h6 33. Qd4 Rc8 34. f4 Qd5 35. Qe3 h5 36. Qe2 g6 37. Kh4 Qf5 38. Qf3 Rc4 39. Qe2 Rxf4+ 40. gxf4 Qxf4+ 41. Kh3 Qxc1 0-1

[Event "TKM-ch"]
[Site "Ashkhabad"]
[Date "2000.05.15"]
[Round "4"]
[White "Aliev, Kerim"]
[Black "Ovezov, Artek"]
[Result "0-1"]
[WhiteElo "2328"]
[BlackElo "2305"]
[PlyCount "79"]
[EventDate "2000.05.12"]
[EventType "tourn"]
[EventRounds "13"]
[EventCountry "TKM"]
[EventCategory "3"]
[SourceTitle "CBM 076 Extra"]
[Source "ChessBase"]
[SourceDate "2000.07.11"]
[SourceVersion "1"]
[SourceVersionDate "2000.07.11"]
[SourceQuality "1"]

1. d4 Nf6 2. c4 g6 3. Nc3 Bg7 4. e4 d6 5. Nf3 Bg4 6. Be2 c6 7. 0-0 Qc7 8. Be3 0-0 9. Qc2 Nbd7 10. Rad1 e5 11. h3 Bxf3 12. Bxf3 a6 13. Be2 b5 14. a3 Rac8 15. Rfe1 Rfe8 16. Bf1 Qb8 17. b3 a5 18. f3 b4 19. axb4 Qxb4 20. d5 Nc5 21. Rb1 cxd5 22. exd5 e4 23. f4 Ng4 24. hxg4 Bxc3 25. Rec1 Bg7 26. Kh2 Qb7 27. Re1 f5 28. gxf5 gxf5 29. Be2 Qe7 30. g3 Rb8 31. Kg2 Rb7 32. Rh1 Reb8 33. g4 Rxb3 34. Bxc5 Rb2 35. Rxb2 Rxb2 36. Qd1 e3 37. gxf5 dxc5 38. d6 Qe4+ 39. Kg3 Rd2 40. Qb1 0-1

[Event "Wichern op 5th"]
[Site "Hamburg"]
[Date "1999.10.21"]
[Round "8.33"]
[White "Aliev, Kerim"]
[Black "Dunsbach, Ralf"]
[Result "0-1"]
[WhiteElo "2362"]
[BlackElo "2234"]
[PlyCount "74"]
[EventDate "1999.10.15"]
[EventType "swiss"]
[EventRounds "9"]
[EventCountry "GER"]
[SourceTitle "EXT 2001"]
[Source "ChessBase"]
[SourceDate "2000.11.22"]
[SourceVersion "1"]
[SourceVersionDate "2000.11.22"]
[SourceQuality "1"]

1. d4 Nf6 2. c4 g6 3. Nc3 d5 4. Bf4 Bg7 5. e3 0-0 6. Nf3 c5 7. dxc5 Ne4 8. Rc1 Nxc3 9. bxc3 dxc4 10. Qxd8 Rxd8 11. Bxc4 Nd7 12. c6 bxc6 13. Bc7 Re8 14. 0-0 Nb6 15. Bb3 Ba6 16. Rfd1 Rac8 17. Bg3 c5 18. c4 Red8 19. Rxd8+ Rxd8 20. Kf1 Bb7 21. Ke2 Bc6 22. Ne1 Na4 23. Bc7 Rd7 24. Ba5 Bb2 25. Rc2 Bf6 26. f3 Rd6 27. Nd3 Be8 28. Rc1 Ra6 29. Be1 Bd7 30. Kd2 Kf8 31. Kc2 Ke8 32. Bf2 Rd6 33. Rd1 Ra6 34. e4 Nc3 35. Rd2 Nxa2 36. Nxc5 Nb4+ 37. Kb1 Ra1# 0-1

[Event "Wichern op 5th"]
[Site "Hamburg"]
[Date "1999.10.20"]
[Round "7.12"]
[White "Volzhin, Alexander"]
[Black "Aliev, Kerim"]
[Result "1-0"]
[WhiteElo "2569"]
[BlackElo "2362"]
[PlyCount "43"]
[EventDate "1999.10.15"]
[EventType "swiss"]
[EventRounds "9"]
[EventCountry "GER"]
[SourceTitle "EXT 2001"]
[Source "ChessBase"]
[SourceDate "2000.11.22"]
[SourceVersion "1"]
[SourceVersionDate "2000.11.22"]
[SourceQuality "1"]

1. d4 d5 2. c4 c6 3. Nf3 Nf6 4. e3 e6 5. Bd3 Nbd7 6. 0-0 Bd6 7. Nc3 0-0 8. e4 dxc4 9. Bxc4 e5 10. Bg5 Qc7 11. h3 Ne8 12. Rc1 Kh8 13. Bb3 Qa5 14. Be3 f6 15. dxe5 Nxe5 16. Nd4 Ng6 17. f4 Bd7 18. Qe2 Rd8 19. Rcd1 Nc7 20. Bc2 Qb4 21. Nb3 Be6 22. Rd4 1-0

[Event "Wichern op 5th"]
[Site "Hamburg"]
[Date "1999.10.16"]
[Round "2.49"]
[White "Aliev, Kerim"]
[Black "Schiffer, Steve"]
[Result "1-0"]
[WhiteElo "2362"]
[BlackElo "2133"]
[PlyCount "65"]
[EventDate "1999.10.15"]
[EventType "swiss"]
[EventRounds "9"]
[EventCountry "GER"]
[SourceTitle "EXT 2001"]
[Source "ChessBase"]
[SourceDate "2000.11.22"]
[SourceVersion "1"]
[SourceVersionDate "2000.11.22"]
[SourceQuality "1"]

1. d4 g6 2. c4 Nf6 3. Nc3 d5 4. Bf4 Bg7 5. e3 c6 6. Nf3 0-0 7. Be2 Qa5 8. 0-0 Ne4 9. Qb3 dxc4 10. Bxc4 Nd6 11. Be2 Nd7 12. Rfd1 Nf6 13. Rac1 Be6 14. Qc2 Bf5 15. Qa4 Qb6 16. Qa3 Nde4 17. Ne5 Nxc3 18. bxc3 Nd5 19. Bg3 f6 20. Nc4 Qd8 21. Na5 Qd7 22. Bf3 Be6 23. c4 Nb6 24. c5 Nc8 25. Rb1 Bd5 26. e4 Bf7 27. Rxb7 Qe6 28. Rc7 Qxa2 29. Qxa2 Bxa2 30. Ra1 Bf7 31. Nxc6 e5 32. d5 Be8 33. Rxc8 1-0

[Event "Olympiad-33"]
[Site "Elista"]
[Date "1998.10.07"]
[Round "9.3"]
[White "Reefat, Bin Sattar"]
[Black "Aliev, Kerim"]
[Result "0-1"]
[WhiteElo "2350"]
[BlackElo "2385"]
[PlyCount "88"]
[EventDate "1998.09.29"]
[EventType "team-swiss"]
[EventRounds "13"]
[EventCountry "RUS"]
[SourceTitle "CBM 068"]
[Source "ChessBase"]
[SourceDate "1999.02.01"]
[SourceVersion "1"]
[SourceVersionDate "1999.02.01"]
[SourceQuality "1"]
[WhiteTeam "Bangladesh"]
[BlackTeam "Turkmenistan"]
[WhiteTeamCountry "BAN"]
[BlackTeamCountry "TKM"]

1. e4 e5 2. Nf3 Nf6 3. d4 Nxe4 4. Bd3 d5 5. Nxe5 Nd7 6. Nc3 Nxe5 7. dxe5 Nxc3 8. bxc3 Be6 9. Rb1 Qc8 10. 0-0 Bc5 11. Kh1 0-0 12. Qh5 g6 13. Qh4 Re8 14. Bg5 Bf5 15. f4 b6 16. Rf3 Bf8 17. Rg1 h5 18. Bf6 Be4 19. Rg3 Kh7 20. f5 Qxf5 21. Rg5 Qe6 22. Be2 Bg7 23. Bxh5 Kg8 24. Rf1 Qc6 25. Be2 Re6 26. Rg3 d4 27. cxd4 Bxf6 28. exf6 Bxg2+ 29. Kg1 Bxf1 30. Bf3 Qd6 31. Bxa8 Rxf6 32. Re3 Bb5 33. Rh3 Rf1+ 34. Kg2 Qf6 35. Qh7+ Kf8 36. Qh6+ Kg8 37. Qh7+ Kf8 38. Qh6+ Qg7 39. Qh8+ Qxh8 40. Rxh8+ Ke7 41. Bc6 Rb1 42. Bxb5 Rxb5 43. Rh3 Ra5 44. a3 Ra4 0-1

[Event "Olympiad-33"]
[Site "Elista"]
[Date "1998.10.05"]
[Round "7.3"]
[White "Aliev, Kerim"]
[Black "Seitaj, Ilir"]
[Result "1/2-1/2"]
[WhiteElo "2385"]
[BlackElo "2395"]
[PlyCount "176"]
[EventDate "1998.09.29"]
[EventType "team-swiss"]
[EventRounds "13"]
[EventCountry "RUS"]
[SourceTitle "CBM 068"]
[Source "ChessBase"]
[SourceDate "1999.02.01"]
[SourceVersion "1"]
[SourceVersionDate "1999.02.01"]
[SourceQuality "1"]
[WhiteTeam "Turkmenistan"]
[BlackTeam "Albania"]
[WhiteTeamCountry "TKM"]
[BlackTeamCountry "ALB"]

1. d4 d5 2. c4 e6 3. Nf3 c5 4. cxd5 exd5 5. Nc3 Nc6 6. Bf4 Nf6 7. e3 Be7 8. Be2 0-0 9. dxc5 Bxc5 10. 0-0 Be6 11. Rc1 Qe7 12. Na4 Bb4 13. a3 Ba5 14. b4 Bb6 15. Ne5 Rfc8 16. Nxc6 Rxc6 17. Rxc6 bxc6 18. Qc2 Bd7 19. Rc1 Bd8 20. Nc5 Be8 21. Ba6 Bb6 22. h3 h6 23. Qc3 Bc7 24. Qd4 Rb8 25. Bd3 Bxf4 26. Qxf4 Rd8 27. Qd4 Rb8 28. Nb3 Rb6 29. Rc5 Nd7 30. Ra5 Nf8 31. Qc5 Qd7 32. Nd4 Ne6 33. Qc3 Nxd4 34. Qxd4 Qe7 35. Qc5 Qxc5 36. Rxc5 Kf8 37. Kf1 Ke7 38. Ke2 Kd6 39. Kd2 Bd7 40. Ra5 Rb7 41. Kc3 f6 42. Kd4 g5 43. Ba6 Rb8 44. Bd3 Rb7 45. Ra6 Be8 46. g3 Bd7 47. Bf1 Bc8 48. Ra5 Re7 49. Bg2 Rb7 50. Rc5 Be6 51. Bf1 Rb8 52. Ra5 Rb7 53. Bg2 Bc8 54. Rc5 Be6 55. e4 dxe4 56. Bxe4 Bd7 57. h4 Rb5 58. Bd3 Rxc5 59. bxc5+ Ke7 60. Be4 Ke6 61. Bg2 Ke7 62. Kc3 Kd8 63. f4 gxh4 64. gxh4 Kc7 65. Kd4 Kd8 66. Be4 Ke7 67. Kc3 Kd8 68. Kd4 Ke7 69. Bg6 Be6 70. Be4 Bd7 71. Ke3 Kf8 72. Kf2 Kg7 73. Kg3 Kf7 74. Bf3 Kg6 75. Be2 Kg7 76. Bh5 Kh7 77. Be2 Kg6 78. Bf3 Kg7 79. Be4 Kf7 80. Kf2 Ke7 81. Ke3 Kd8 82. Kd4 Ke7 83. Kc3 Kd8 84. Kb4 Kc7 85. Kc3 Kd8 86. Kd4 Ke7 87. Bg6 Be6 88. Be4 Bd7 1/2-1/2

[Event "Olympiad-33"]
[Site "Elista"]
[Date "1998.10.03"]
[Round "5.3"]
[White "Saud, Mohamed"]
[Black "Aliev, Kerim"]
[Result "0-1"]
[WhiteElo "2220"]
[BlackElo "2385"]
[PlyCount "96"]
[EventDate "1998.09.29"]
[EventType "team-swiss"]
[EventRounds "13"]
[EventCountry "RUS"]
[SourceTitle "CBM 068"]
[Source "ChessBase"]
[SourceDate "1999.02.01"]
[SourceVersion "1"]
[SourceVersionDate "1999.02.01"]
[SourceQuality "1"]
[WhiteTeam "United Arab Emirates"]
[BlackTeam "Turkmenistan"]
[WhiteTeamCountry "UAE"]
[BlackTeamCountry "TKM"]

1. d4 d5 2. Nf3 c6 3. c4 Nf6 4. Nc3 dxc4 5. a4 Bf5 6. e3 e6 7. Bxc4 Bb4 8. 0-0 Nbd7 9. Qb3 a5 10. Na2 c5 11. Nxb4 cxb4 12. Ng5 0-0 13. f3 Nb6 14. Bb5 h6 15. e4 hxg5 16. exf5 Qxd4+ 17. Be3 Qd5 18. Qc2 Rac8 19. Qf2 Nc4 20. Bxg5 Qxf5 21. h4 Nd5 22. Rac1 Nd6 23. g4 Qg6 24. Bd7 Rxc1 25. Rxc1 Qd3 26. h5 Qa6 27. h6 Qb6 28. Rc5 Ne8 29. h7+ Kxh7 30. Rc8 Qxf2+ 31. Kxf2 Nb6 32. Rd8 Nxd7 33. Rxd7 Kg6 34. Be7 Rh8 35. Kg2 Nf6 36. Bxf6 Kxf6 37. Rxb7 Rc8 38. Rb5 Rc2+ 39. Kg3 Rxb2 40. Rxa5 Ra2 41. Ra7 g5 42. a5 Ke5 43. Rb7 Ra4 44. a6 Kd5 45. a7 Kc4 46. Rxf7 b3 47. Kf2 b2 48. Rb7 Kc3 0-1

[Event "Asia-ch"]
[Site "Tehran"]
[Date "1998.08.26"]
[Round "10"]
[White "Aliev, Kerim"]
[Black "Al Modiahki, Mohamad"]
[Result "0-1"]
[WhiteElo "2385"]
[BlackElo "2505"]
[PlyCount "58"]
[EventDate "1998.09.??"]
[EventType "swiss"]
[EventRounds "11"]
[EventCountry "IRI"]
[SourceTitle "EXT 1999"]
[Source "ChessBase"]
[SourceDate "1998.11.16"]
[SourceVersion "1"]
[SourceVersionDate "1998.11.16"]
[SourceQuality "1"]

1. d4 Nf6 2. c4 g6 3. Nc3 Bg7 4. e4 d6 5. Nf3 0-0 6. Be2 e5 7. 0-0 Nc6 8. d5 Ne7 9. Ne1 Nd7 10. Be3 f5 11. f3 f4 12. Bf2 g5 13. Nb5 b6 14. b4 a6 15. Nc3 Rf6 16. Nd3 Rg6 17. c5 Nf6 18. cxb6 cxb6 19. b5 g4 20. Nxe5 dxe5 21. d6 g3 22. Be1 Be6 23. dxe7 Qxe7 24. Qc2 Qc5+ 25. Kh1 Rh6 26. h3 Bxh3 27. Bxg3 Be6+ 28. Bh2 Nh5 29. g4 fxg3 0-1

[Event "Olympiad-32"]
[Site "Yerevan"]
[Date "1996.09.21"]
[Round "6.3"]
[White "Tsang, Hon Ki"]
[Black "Aliev, Kerim"]
[Result "0-1"]
[WhiteElo "2120"]
[BlackElo "2205"]
[PlyCount "62"]
[EventDate "1996.09.15"]
[EventType "team-swiss"]
[EventRounds "14"]
[EventCountry "ARM"]
[SourceTitle "CBM 055"]
[Source "ChessBase"]
[SourceDate "1996.12.01"]
[SourceVersion "1"]
[SourceVersionDate "1996.12.01"]
[SourceQuality "1"]
[WhiteTeam "Hong Kong"]
[BlackTeam "Turkmenistan"]
[WhiteTeamCountry "HKG"]
[BlackTeamCountry "TKM"]

1. Nf3 d5 2. g3 Nf6 3. Bg2 c6 4. b3 Bf5 5. Bb2 e6 6. 0-0 Be7 7. c4 0-0 8. d3 a5 9. Nc3 Nbd7 10. Qc2 Nc5 11. Nh4 Bg4 12. h3 Bh5 13. Nf3 h6 14. Ne5 Nfd7 15. Nxd7 Qxd7 16. a3 d4 17. Na4 Nxa4 18. bxa4 Bc5 19. Rab1 e5 20. Bc1 Rae8 21. Rb3 f5 22. e3 g5 23. Qb1 Re7 24. Bd2 f4 25. exd4 Bxd4 26. gxf4 gxf4 27. Re1 f3 28. Bf1 Rg7+ 29. Kh2 Rf6 30. Be3 Rfg6 31. Rxb7 Rg2+ 0-1